Music Quiz

Random Music or Rock Quiz

Top 100 Songs of 2000 by Any Word Quiz Stats

 Plays Quiz Updated Sep 14, 2018

Challenge
Share
Tweet
Embed
Score 0/100 Timer 07:00
7 Plays Today
# Song % Correct
56I Wanna Love You Forever
97.5%
38Come on Over Baby (All I Want Is You)
97.3%
81Where I Wanna Be
96.8%
42I Turn to You
96.7%
62He Can't Love U
96.6%
41The Way You Love Me
96.6%
87I Hope You Dance
96.5%
45Thank God I Found You
96.4%
72Case of the Ex (Whatcha Gonna Do)
96.4%
7I Knew I Loved You
96.4%
44I Need You
96.4%
96I Don't Wanna
96.3%
4I Wanna Know
96.2%
23I Need to Know
96.1%
19What a Girl Wants
95.9%
55Oops!...I Did It Again
95.7%
91I Like It
95.5%
26I Try
95.4%
35Absolutely (Story of a Girl)
95.1%
61Purest of Pain (A Puro Dolor)
95.1%
64I Wish
95%
58Take a Picture
94.7%
77From the Bottom of My Broken Heart
94%
82How Do You Like Me Now?!
93.8%
31Show Me the Meaning of Being Lonely
93.6%
65U Know What's Up
93.6%
22You Sang to Me
93.1%
47My Love Is Your Love
92.7%
30Bring It All to Me
92.4%
37Be With You
92.3%
28That's the Way It Is
92.1%
40All the Small Things
92.1%
98Gotta Tell You
91.4%
85What'chu Like
91.3%
# Song % Correct
43Never Let You Go
91.1%
27It's Gonna Be Me
91%
16There You Go
91%
74That's the Way
90.6%
5Everything You Want
89.5%
51The Real Slim Shady
89.2%
100Shackles (Praise You)
87.4%
80The Best Day
87.2%
76The Next Episode
87.1%
48Then the Morning Comes
86.5%
57Give Me Just One Night (Una Noche )
84.2%
89Dance with Me
83.7%
34It Feels So Good
83.3%
24Get It on Tonite
83%
94Bounce with Me
82.2%
95Cowboy Take Me Away
79.3%
10He Wasn't Man Enough
78%
49Blue (Da Ba Dee)
77.8%
71Party Up (Up in Here)
75.9%
93Girl on TV
75.8%
6Say My Name
72.6%
75Swear It Again
67.1%
83My Best Friend
65.2%
97Independent Women Part 1
59.4%
20Back at One
56.8%
90What About Now
55.6%
39No More
53.7%
14Thong Song
53.5%
86Don't Think I'm Not
52.7%
36With Arms Wide Open
52.4%
99Waiting for Tonight
52.3%
68Shake Ya Ass
51.9%
2Smooth
50.7%
78Crash and Burn
49.6%
# Song % Correct
33Back Here
42.1%
67Only God Knows Why
40.8%
21Bye Bye Bye
38.7%
29(Hot S**T) Country Grammar
38%
32Hot Boyz
37%
46Let's Get Married
35.5%
12Try Again
35%
73Forgot About Dre
30.1%
1Breathe
28.1%
17Music
23.7%
79Yes!
22.4%
88Better Off Alone
21.6%
8Amazed
21%
15Kryptonite
20%
3Maria Maria
18%
52Most Girls
18%
11Higher
15.6%
70Meet Virginia
12.8%
60Big Pimpin'
12%
9Bent
10%
69Bag Lady
9.7%
13Jumpin' Jumpin'
9.1%
50Desert Rose
8.5%
18Doesn't Really Matter
7.2%
59Otherside
5.5%
54Wonderful
4.8%
25Incomplete
4.4%
66Faded
3.5%
9224/7
2.7%
84Broadway
2.6%
53Wifey
2.5%
63Separated
1.1%

You're not logged in!

Compare scores with friends on all Sporcle quizzes.
OR
Log In

You Might Also Like...

Show Comments

Extras

Top Quizzes Today


Score Distribution

Your Account Isn't Verified!

In order to create a playlist on Sporcle, you need to verify the email address you used during registration. Go to your Sporcle Settings to finish the process.

Report this User

Report this user for behavior that violates our Community Guidelines.

Details: